[Event "World Blitz Women 2022"]
[Site "Almaty KAZ"]
[Date "2022.12.29"]
[Round "9.5"]
[White "Assaubayeva, Bibisara"]
[Black "Paehtz, Elisabeth"]
[Result "0-1"]
[WhiteTitle "IM"]
[BlackTitle "GM"]
[WhiteElo "2440"]
[BlackElo "2464"]
[WhiteFideId "13708694"]
[BlackFideId "4641833"]
[EventDate "2022.12.29"]

1. d4 Nf6 2. c4 g6 3. Nc3 Bg7 4. e4 O-O 5. Be2 d6 6. h4 c5 7. d5 h5 8. Bg5 b5 9.
cxb5 a6 10. Qd2 axb5 11. Bxb5 Ba6 12. Bxa6 Nxa6 13. Nge2 Rb8 14. O-O Ng4 15.
Rab1 Ne5 16. b3 Re8 17. a4 Qb6 18. Nb5 Nc7 19. Nec3 Na6 20. Kh1 Nb4 21. f4 Ng4
22. f5 c4 23. bxc4 Qc5 24. Ne2 Na6 25. Nf4 Qxc4 26. fxg6 fxg6 27. Nxg6 Nc5 28.
Nxe7+ Rxe7 29. Bxe7 Nxe4 30. Qf4 Qxd5 31. Rbd1 Nef2+ 32. Kg1 Nxd1 33. Nc7 Qd4+
34. Qxd4 Bxd4+ 35. Kh1 Ndf2+ 36. Kg1 Ne4+ 0-1

[Event "World Blitz Women 2022"]
[Site "Almaty KAZ"]
[Date "2022.12.29"]
[Round "9.6"]
[White "Dzagnidze, Nana"]
[Black "Nurgali, Nazerke"]
[Result "1-0"]
[WhiteTitle "GM"]
[BlackTitle "WIM"]
[WhiteElo "2517"]
[BlackElo "2168"]
[WhiteFideId "13601903"]
[BlackFideId "13711261"]
[EventDate "2022.12.29"]

1. c4 c5 2. Nf3 Nc6 3. Nc3 e5 4. g3 g6 5. Bg2 Bg7 6. O-O Nge7 7. d3 O-O 8. Bd2
d6 9. a3 Be6 10. Rb1 Qd7 11. Ng5 h6 12. Nxe6 Qxe6 13. b4 Rab8 14. Nd5 Kh7 15. e3
f5 16. Bc3 Qd7 17. Qa4 Rfc8 18. Rfd1 Qe8 19. b5 Nd8 20. Nxe7 Qxe7 21. Qc2 b6 22.
d4 Nf7 23. Qd3 Rd8 24. d5 Rbc8 25. Qc2 Rc7 26. Qb2 Ng5 27. a4 Nf7 28. a5 Rf8 29.
Ra1 Rd8 30. axb6 axb6 31. Ra6 Rb8 32. Rda1 Nd8 33. R1a2 Rbb7 34. Qa1 h5 35. h4
Bf6 36. Ra8 Bg7 37. R2a6 Bf6 38. Bh3 Bg7 39. Ra2 Bf6 40. Qb1 Bg7 41. e4 fxe4 42.
Qxe4 Ra7 43. Kg2 Rxa2 44. Rxa2 Ra7 45. Rxa7 Qxa7 46. Bd2 Nf7 47. Be6 Nh6 48. Bg5
Qa2 49. Bxh6 Bxh6 50. Bf7 Bg7 51. Qxg6+ 1-0

[Event "World Blitz Women 2022"]
[Site "Almaty KAZ"]
[Date "2022.12.29"]
[Round "9.7"]
[White "Mammadzada, Gunay"]
[Black "Tania, Sachdev"]
[Result "1/2-1/2"]
[WhiteTitle "IM"]
[BlackTitle "IM"]
[WhiteElo "2472"]
[BlackElo "2389"]
[WhiteFideId "13403729"]
[BlackFideId "5007844"]
[EventDate "2022.12.29"]

1. e4 e5 2. Nf3 Nc6 3. Bb5 a6 4. Ba4 Nf6 5. O-O Be7 6. Re1 b5 7. Bb3 O-O 8. c3
d5 9. exd5 Nxd5 10. Nxe5 Nxe5 11. Rxe5 c6 12. d3 Bd6 13. Re1 Qh4 14. g3 Qh3 15.
Re4 Qf5 16. Nd2 Be6 17. Nf3 c5 18. Ng5 h6 19. Nxe6 fxe6 20. Qe2 Rae8 21. Bd2 Kh8
22. Re1 Nc7 23. Bf4 e5 24. Bd2 Ne6 25. Kg2 Ng5 26. Bxg5 Qxg5 27. d4 cxd4 28.
cxd4 Bb4 29. Rf1 Bd6 30. f4 Qg6 31. dxe5 Bc5 32. e6 Qf6 33. Rf3 Re7 34. Rd3 a5
35. a4 bxa4 36. Bxa4 Rb8 37. Bb3 a4 38. Bxa4 Rxb2 39. Rd2 Rxd2 40. Qxd2 Rxe6 41.
Rxe6 Qxe6 42. Bc2 Qc6+ 43. Kh3 Qe6+ 44. g4 Qe3+ 45. Qxe3 Bxe3 46. Kg3 g5 47. f5
Bd4 48. h4 gxh4+ 49. Kxh4 Kg7 50. Bd3 Bf6+ 1/2-1/2

[Event "World Blitz Women 2022"]
[Site "Almaty KAZ"]
[Date "2022.12.29"]
[Round "9.8"]
[White "Badelka, Olga"]
[Black "Khademalsharieh, Sarasadat"]
[Result "0-1"]
[WhiteTitle "IM"]
[BlackTitle "IM"]
[WhiteElo "2416"]
[BlackElo "2490"]
[WhiteFideId "13509926"]
[BlackFideId "12512214"]
[EventDate "2022.12.29"]

1. e4 e5 2. Nf3 Nc6 3. Nc3 Nf6 4. Bb5 Bd6 5. d3 O-O 6. Bxc6 dxc6 7. Rg1 Qe7 8.
g4 Nd7 9. Be3 Bc5 10. Qd2 Bxe3 11. Qxe3 Re8 12. h4 Nf8 13. h5 Qb4 14. O-O-O a5
15. Nh4 a4 16. a3 Qb6 17. Qg3 Ne6 18. Qxe5 Qxf2 19. Nf5 Qf4+ 20. Qxf4 Nxf4 21.
Rdf1 Nh3 22. Rg3 Ng5 23. Ne2 g6 24. Ne3 Kg7 25. Nf4 Bd7 26. Nh3 f6 27. Nxg5 fxg5
28. h6+ Kg8 29. Rgf3 Be6 30. Kd2 Rad8 31. c4 Rd7 32. Kc3 Red8 33. d4 Rxd4 34.
Rf8+ Rxf8 35. Rxf8+ Kxf8 36. Kxd4 Ke7 37. c5 b6 38. cxb6 cxb6 39. Ke5 b5 40. Kd4
Kd6 41. e5+ Kd7 42. Kc5 Kc7 43. Nc2 Bxg4 44. Nd4 Bd7 45. e6 Be8 46. Nf3 g4 47.
Ng5 g3 48. Nf3 g2 49. Ng1 g5 50. Kd4 Kd6 51. Nf3 g4 52. Ng1 c5+ 53. Ke4 Kxe6 54.
Kf4 b4 55. Kxg4 bxa3 56. bxa3 c4 57. Kg3 Bc6 58. Ne2 c3 59. Kf2 c2 60. Nd4+ Kd5
61. Nxc2 Kc4 62. Ne3+ Kb3 63. Ng4 Be4 64. Nf6 Bg6 65. Kxg2 Kxa3 66. Kf3 Kb3 67.
Nd7 a3 68. Nc5+ Kb4 0-1

[Event "World Blitz Women 2022"]
[Site "Almaty KAZ"]
[Date "2022.12.29"]
[Round "9.9"]
[White "Stefanova, Antoaneta"]
[Black "Padmini, Rout"]
[Result "0-1"]
[WhiteTitle "GM"]
[BlackTitle "IM"]
[WhiteElo "2442"]
[BlackElo "2389"]
[WhiteFideId "2902257"]
[BlackFideId "5029295"]
[EventDate "2022.12.29"]

1. d4 Nf6 2. Nf3 e6 3. e3 d5 4. Bd3 c5 5. b3 Nc6 6. O-O Bd6 7. dxc5 Bxc5 8. a3
O-O 9. Bb2 b6 10. Qe2 Bb7 11. b4 Bd6 12. c4 dxc4 13. Bxc4 Qe7 14. Nbd2 Ng4 15.
h3 Nge5 16. Bb3 Rac8 17. e4 h6 18. Rac1 Ng6 19. g3 a5 20. b5 Nce5 21. a4 Kh7 22.
Nxe5 Bxe5 23. Bxe5 Nxe5 24. f4 Nd7 25. Qe3 Qb4 26. Bc2 Rc3 27. Qf2 Rfc8 28. e5+
Rxc2 29. Rxc2 Rxc2 30. Rd1 Nc5 31. f5 Nd3 32. Qe3 Qc5 33. Qxc5 Nxc5 34. fxe6
fxe6 35. Kf2 Nxa4 36. Ke3 Rc3+ 37. Kd4 Rxg3 38. Rc1 Nc5 39. Rf1 Bd5 40. Rf7 Rd3# 0-1

[Event "World Blitz Women 2022"]
[Site "Almaty KAZ"]
[Date "2022.12.29"]
[Round "9.10"]
[White "Arabidze, Meri"]
[Black "Buksa, Nataliya"]
[Result "1/2-1/2"]
[WhiteTitle "IM"]
[BlackTitle "IM"]
[WhiteElo "2427"]
[BlackElo "2405"]
[WhiteFideId "13604040"]
[BlackFideId "14123622"]
[EventDate "2022.12.29"]

1. d4 d5 2. c4 e6 3. Nc3 Nf6 4. cxd5 exd5 5. Bg5 Nbd7 6. e3 c6 7. Bd3 Be7 8. Qc2
Nh5 9. Bxe7 Qxe7 10. O-O-O Nb6 11. h3 g6 12. Nf3 Be6 13. Kb1 O-O-O 14. g4 Ng7
15. a4 Qb4 16. Be2 h5 17. Ne5 hxg4 18. hxg4 Rxh1 19. Rxh1 Ne8 20. Nd3 Qd6 21.
Nc5 Kb8 22. Qb3 Bc8 23. Rh7 Nd7 24. Nxd7+ Qxd7 25. a5 Nf6 26. Rh4 g5 27. Rh6 Qe7
28. a6 b6 29. Qa4 Bd7 30. Ka2 Kc7 31. Qc2 Kb8 32. Qa4 Rc8 33. Ka1 Kc7 34. Ka2
Kb8 35. Ka1 Rd8 36. Ka2 Rc8 37. Ka1 Ng8 38. Rh7 Nf6 39. Rh6 Ng8 40. Rh7 Qf6 41.
Rh2 Ne7 42. Qa3 Kc7 43. Rh7 Rf8 44. Rh2 Qd6 45. Qxd6+ Kxd6 46. f4 gxf4 47. exf4
Rg8 48. f5 c5 49. Rh6+ Kc7 50. dxc5 bxc5 51. Rf6 d4 52. Ne4 c4 53. Bxc4 Rxg4 54.
Nc5 Bxf5 55. Rxf7 Kd6 56. Nb7+ Kd7 57. Bb5+ Ke6 58. Nd8+ Kd6 59. Nb7+ Ke6 60.
Bc4+ Kd7 61. Ka2 d3 62. Nc5+ Kd6 63. Bxd3 Bxd3 64. Nxd3 Ra4+ 65. Kb3 Rd4 66.
Rf6+ Kc7 67. Nc5 Nd5 68. Ne6+ Kb6 69. Nxd4+ Nxf6 70. Ka4 Kxa6 71. b4 Kb6 72. Nb3
Nd5 73. Nd4 1/2-1/2

[Event "World Blitz Women 2022"]
[Site "Almaty KAZ"]
[Date "2022.12.29"]
[Round "9.11"]
[White "Gaponenko, Inna"]
[Black "Ushenina, Anna"]
[Result "1-0"]
[WhiteTitle "IM"]
[BlackTitle "GM"]
[WhiteElo "2341"]
[BlackElo "2454"]
[WhiteFideId "14101181"]
[BlackFideId "14110911"]
[EventDate "2022.12.29"]

1. e4 g6 2. d4 Bg7 3. Nc3 d5 4. Nxd5 c6 5. Ne3 Qxd4 6. Qxd4 Bxd4 7. c3 Bg7 8.
Bc4 Nf6 9. e5 Ne4 10. f3 Nc5 11. f4 Be6 12. Nf3 Bxc4 13. Nxc4 Nbd7 14. O-O Nb6
15. Nxb6 axb6 16. Be3 Na4 17. Rf2 f6 18. exf6 exf6 19. Rc1 Kf7 20. b3 Nc5 21.
Bxc5 bxc5 22. Rd1 Rhd8 23. Rfd2 Rxd2 24. Rxd2 Ke6 25. Kf2 h6 26. g4 f5 27. h3
Bxc3 28. Re2+ Kf7 29. g5 h5 30. Kg3 b5 31. Rc2 b4 32. Re2 Rd8 33. Kf2 Rd1 34.
Kg2 Rd3 35. Kf2 Bd4+ 36. Kg2 Rd1 37. Kh2 Bc3 38. Kg2 Rd3 39. Kf2 Rd5 40. Kg2 c4
41. bxc4 Rc5 42. Rc2 Ke6 43. Re2+ Kf7 44. Rc2 Ke6 45. Re2+ Kd7 46. Nh4 Rxc4 47.
Nxg6 c5 48. Kf3 b3 49. axb3 Rb4 50. Ne5+ Bxe5 51. Rxe5 Rxb3+ 52. Kg2 Rb2+ 53.
Kg3 Rb3+ 54. Kh4 Kd6 55. Rxf5 c4 56. g6 Rb7 57. Kxh5 c3 58. Re5 c2 59. Re1 Kd5
60. Rc1 Rc7 61. Kh6 Ke4 1-0

[Event "World Blitz Women 2022"]
[Site "Almaty KAZ"]
[Date "2022.12.29"]
[Round "9.12"]
[White "Batsiashvili, Nino"]
[Black "Voit, Daria"]
[Result "1/2-1/2"]
[WhiteTitle "GM"]
[BlackTitle "WGM"]
[WhiteElo "2493"]
[BlackElo "2347"]
[WhiteFideId "13602993"]
[BlackFideId "4182146"]
[EventDate "2022.12.29"]

1. d4 Nf6 2. Nf3 d5 3. Bf4 c5 4. e3 Nc6 5. Nbd2 Qb6 6. dxc5 Qxb2 7. Rb1 Qc3 8.
Bb5 g6 9. e4 dxe4 10. Be5 Qxc5 11. Bxf6 exf6 12. Nxe4 Qf5 13. O-O Be6 14. Nd6+
Bxd6 15. Qxd6 Qd5 16. Qb4 a5 17. Qa3 Rd8 18. c4 Qd6 19. Qxa5 O-O 20. Qc3 Ne5 21.
Nxe5 fxe5 22. c5 Qd4 23. Qxd4 Rxd4 24. a4 Rc8 25. Rbc1 Bd7 26. Rfe1 f6 27. g3
Bxb5 28. axb5 Rd5 29. Red1 Rcxc5 30. Rxd5 Rxc1+ 31. Kg2 Rc7 32. b6 Re7 33. h4
Kf7 34. Kf3 Ke6 35. Rd8 Rd7 36. Rb8 f5 37. g4 fxg4+ 38. Kxg4 Kd6 39. f3 Kc6 40.
Re8 Kxb6 1/2-1/2

[Event "World Blitz Women 2022"]
[Site "Almaty KAZ"]
[Date "2022.12.29"]
[Round "9.13"]
[White "Ovod, Evgenija"]
[Black "Javakhishvili, Lela"]
[Result "0-1"]
[WhiteTitle "IM"]
[BlackTitle "IM"]
[WhiteElo "2323"]
[BlackElo "2440"]
[WhiteFideId "4131827"]
[BlackFideId "13601458"]
[EventDate "2022.12.29"]

1. e4 g6 2. d4 Bg7 3. c3 d6 4. Bd3 Nd7 5. Nf3 e5 6. O-O Ngf6 7. Re1 O-O 8. Nbd2
Nh5 9. g3 Qe7 10. a4 a5 11. Bf1 Nb6 12. Bg2 Bg4 13. h3 Bd7 14. Kh2 h6 15. b3 Kh7
16. Bb2 c5 17. dxc5 dxc5 18. c4 Nc8 19. Nf1 Bc6 20. Qc2 Nd6 21. N3d2 f5 22. Ne3
f4 23. Nd5 Bxd5 24. exd5 Qg5 25. g4 f3 26. Nxf3 Rxf3 27. Bxf3 Rf8 28. Bg2 Nf4
29. Rad1 h5 30. Bc1 hxg4 31. hxg4 Qxg4 32. Bxf4 Rxf4 33. Rh1 e4 34. Kg1+ Kg8 35.
Re1 Bd4 36. Re2 Nf5 37. Rh3 Nh4 38. Rg3 Qxg3 0-1

[Event "World Blitz Women 2022"]
[Site "Almaty KAZ"]
[Date "2022.12.29"]
[Round "9.14"]
[White "Fataliyeva, Ulviyya"]
[Black "Munkhzul, Turmunkh"]
[Result "1-0"]
[WhiteTitle "IM"]
[BlackTitle "WIM"]
[WhiteElo "2428"]
[BlackElo "2318"]
[WhiteFideId "13403052"]
[BlackFideId "4901878"]
[EventDate "2022.12.29"]

1. Nf3 Nf6 2. d4 g6 3. g3 Bg7 4. Bg2 O-O 5. O-O d6 6. Nc3 d5 7. b3 Bf5 8. Bb2 c6
9. Ne5 Nbd7 10. Nxd7 Qxd7 11. f3 Rad8 12. Qd2 Bh3 13. Rad1 Bxg2 14. Kxg2 h5 15.
Qf4 Kh7 16. Bc1 Qd6 17. Qxd6 Rxd6 18. Bf4 Rdd8 19. e4 dxe4 20. fxe4 Ng4 21. h3
Nh6 22. Ne2 Ng8 23. g4 hxg4 24. hxg4 Nf6 25. Rh1+ Kg8 26. Kf3 Nd7 27. e5 f6 28.
e6 Nb6 29. c4 f5 30. g5 Nc8 31. Rh4 Nd6 32. Rdh1 Ne4 33. Kg2 b5 34. Be5 Bxe5 35.
dxe5 Nxg5 36. Nf4 Kg7 37. Rh6 Rg8 38. Rxg6+ Kf8 39. Rxg8+ Kxg8 40. Ng6 Rd2+ 41.
Kg3 Nxe6 42. Nxe7+ Kf7 43. Nxf5 Kg6 44. Nh4+ Kg7 45. Nf5+ Kg6 46. Ne7+ Kg5 47.
Nxc6 bxc4 48. bxc4 Rd3+ 49. Kf2 Rd2+ 50. Ke3 Rxa2 51. Rg1+ Kf5 52. Rf1+ Kg5 53.
Rf6 Ng7 54. Rf7 Nf5+ 55. Ke4 Re2+ 56. Kd5 Ne3+ 57. Kc5 Ng4 58. Rg7+ Kf4 59. Rf7+
Kg5 60. Kd6 Rd2+ 61. Kc7 Re2 62. Re7 a5 63. e6 a4 64. Re8 Nf6 65. Ra8 Rxe6 66.
Rxa4 Ne8+ 67. Kd7 Rd6+ 68. Kxe8 Rxc6 69. Kd7 Rh6 70. c5 Rh7+ 71. Kd6 Rh6+ 72.
Kc7 Rh7+ 73. Kb6 Rh6+ 74. c6 Kf6 75. Re4 Rh1 76. c7 Rb1+ 77. Kc6 Rc1+ 78. Kd7
Rd1+ 79. Kc8 Kf7 80. Kb7 Rb1+ 81. Kc6 Rc1+ 82. Kb6 Kf8 83. Re5 Rb1+ 84. Kc6 1-0

[Event "World Blitz Women 2022"]
[Site "Almaty KAZ"]
[Date "2022.12.29"]
[Round "9.15"]
[White "Injac, Teodora"]
[Black "Balabayeva, Xeniya"]
[Result "1-0"]
[WhiteTitle "WGM"]
[BlackTitle "WIM"]
[WhiteElo "2365"]
[BlackElo "2183"]
[WhiteFideId "932400"]
[BlackFideId "13719688"]
[EventDate "2022.12.29"]

1. Nf3 d5 2. g3 Nd7 3. d4 Nb6 4. Nc3 Bf5 5. Nh4 Bc8 6. Bg2 Nf6 7. a4 a5 8. O-O
g6 9. e4 dxe4 10. Nxe4 Nxe4 11. Bxe4 Bg7 12. c3 c6 13. Bg2 O-O 14. Nf3 Bg4 15.
h3 Bxf3 16. Qxf3 Qd7 17. Re1 Rfe8 18. Bf4 Rad8 19. h4 h5 20. Bg5 Rc8 21. Re2 Qg4
22. Rxe7 Qxf3 23. Bxf3 f6 24. Rxe8+ Rxe8 25. Bf4 Kf7 26. b3 Re7 27. Kf1 Nd7 28.
Be2 Nf8 29. Bc4+ Ke8 30. Bd6 Rd7 31. Bf4 Re7 32. Bd6 Rd7 33. Re1+ 1-0

[Event "World Blitz Women 2022"]
[Site "Almaty KAZ"]
[Date "2022.12.29"]
[Round "9.16"]
[White "Frayna, Janelle Mae"]
[Black "Omonova, Umida"]
[Result "1/2-1/2"]
[WhiteTitle "WGM"]
[BlackTitle "WFM"]
[WhiteElo "2265"]
[BlackElo "2052"]
[WhiteFideId "5212499"]
[BlackFideId "14210363"]
[EventDate "2022.12.29"]

1. e4 c5 2. Nf3 Nc6 3. Bb5 g6 4. Bxc6 dxc6 5. h3 Bg7 6. Nc3 e5 7. d3 Qe7 8. Be3
Nf6 9. Qd2 Nd7 10. Bh6 O-O 11. O-O-O b5 12. g4 Nb6 13. Rdg1 Be6 14. Bxg7 Kxg7
15. Kb1 b4 16. Ne2 f6 17. Nh4 c4 18. Nf5+ Bxf5 19. gxf5 Rad8 20. Qe3 cxd3 21.
cxd3 Qd6 22. Rg3 Rg8 23. h4 Kf7 24. fxg6+ Rxg6 25. Rhg1 Rdg8 26. h5 Rxg3 27.
Rxg3 Rxg3 28. Nxg3 Ke6 29. Nf5 Qd8 30. Qh3 Na4 31. Kc2 Nc5 32. h6 b3+ 33. axb3
Qb6 34. Ne3+ Kf7 35. Qh5+ Ke7 36. Nf5+ Kd8 37. Qf7 Nd7 38. Qe7+ Kc7 39. Ne3 Qa5
40. b4 Qa4+ 41. Kb1 Qb3 42. Qxh7 Qxd3+ 43. Nc2 Qd1+ 44. Ka2 Qxc2 45. Qg7 Qa4+
46. Kb1 Qd1+ 47. Ka2 Qa4+ 48. Kb1 Qd1+ 49. Ka2 Qa4+ 50. Kb1 1/2-1/2

[Event "World Blitz Women 2022"]
[Site "Almaty KAZ"]
[Date "2022.12.29"]
[Round "9.17"]
[White "Osmak, Yuliia"]
[Black "Beydullayeva, Govhar"]
[Result "1-0"]
[WhiteTitle "IM"]
[BlackTitle "WGM"]
[WhiteElo "2451"]
[BlackElo "2387"]
[WhiteFideId "14101602"]
[BlackFideId "13413015"]
[EventDate "2022.12.29"]

1. d4 Nf6 2. c4 e6 3. Nc3 Bb4 4. f3 c5 5. d5 O-O 6. e4 d6 7. Bd3 b5 8. Ne2 bxc4
9. Bxc4 exd5 10. Bxd5 Nxd5 11. Qxd5 Be6 12. Qh5 d5 13. exd5 Bxd5 14. O-O Bc4 15.
Rd1 Qe7 16. Ng3 g6 17. Qh6 Nc6 18. Bg5 f6 19. Bf4 Rad8 20. h4 Nd4 21. Rac1 Qg7
22. Qxg7+ Kxg7 23. a3 Bxc3 24. bxc3 Nb5 25. Re1 Rfe8 26. Ne4 Nxa3 27. Nxc5 Nb5
28. Ne4 a5 29. Ra1 Ra8 30. Nc5 Nxc3 31. Rxe8 Rxe8 32. Kh2 a4 33. Rc1 Ne2 34.
Rxc4 Nxf4 35. Rxf4 a3 36. Ra4 Re3 37. Ne4 f5 38. Ra7+ Kf8 39. Ng5 h6 40. Nh7+
Ke8 41. Nf6+ Kd8 42. Nd5 Rd3 43. Nf4 Rd6 44. Rxa3 g5 45. Nh5 gxh4 46. Kh3 Ke7
47. Kxh4 Kf7 48. Nf4 Kf6 49. Nh3 Kg6 50. Kg3 h5 51. Ra8 Rc6 52. Nf4+ Kg5 53.
Rg8+ Kh6 54. Rh8+ Kg7 55. Rxh5 1-0

[Event "World Blitz Women 2022"]
[Site "Almaty KAZ"]
[Date "2022.12.29"]
[Round "9.18"]
[White "Gong, Qianyun"]
[Black "Bivol, Alina"]
[Result "1-0"]
[WhiteTitle "WGM"]
[BlackTitle "IM"]
[WhiteElo "2299"]
[BlackElo "2364"]
[WhiteFideId "8602425"]
[BlackFideId "4100123"]
[EventDate "2022.12.29"]

1. e4 e6 2. d4 d5 3. e5 c5 4. c3 Nc6 5. Nf3 Bd7 6. Bd3 Qb6 7. O-O cxd4 8. Re1 a6
9. Nbd2 dxc3 10. bxc3 Bc5 11. Qe2 Nge7 12. Nb3 Na5 13. Nxc5 Qxc5 14. Be3 Qc7 15.
a4 Nc4 16. Bd4 h6 17. Nd2 Nc6 18. Bxc4 Nxd4 19. cxd4 dxc4 20. Nxc4 O-O 21. Nd6
Bc6 22. a5 Rad8 23. Rec1 Rxd6 24. exd6 Qxd6 25. Qe5 Qd7 26. Ra3 f6 27. Qf4 Rd8
28. Re3 Qd5 29. Qg3 Kf7 30. h4 Qxa5 31. Rce1 Bd5 32. h5 Qd2 33. Qc7+ 1-0

[Event "World Blitz Women 2022"]
[Site "Almaty KAZ"]
[Date "2022.12.29"]
[Round "9.19"]
[White "Nomin-Erdene, Davaademberel"]
[Black "Eric, Jovana"]
[Result "1-0"]
[WhiteTitle "IM"]
[BlackTitle "WGM"]
[WhiteElo "2384"]
[BlackElo "2236"]
[WhiteFideId "4900782"]
[BlackFideId "938238"]
[EventDate "2022.12.29"]

1. f4 d5 2. Nf3 Nc6 3. d4 Nf6 4. e3 g6 5. c4 Bg7 6. Nc3 O-O 7. Be2 dxc4 8. Bxc4
a6 9. a4 e6 10. O-O Nd5 11. Ne5 Nxe5 12. fxe5 Nxc3 13. bxc3 c5 14. Ba3 b6 15. a5
Re8 16. axb6 cxd4 17. exd4 Qxb6 18. Qf3 Ra7 19. Bc5 Qc7 20. Bxa7 Qxc4 21. Qxf7+ 1-0

[Event "World Blitz Women 2022"]
[Site "Almaty KAZ"]
[Date "2022.12.29"]
[Round "9.20"]
[White "Lhotska, Anna"]
[Black "Koneru, Humpy"]
[Result "0-1"]
[WhiteTitle "WFM"]
[BlackTitle "GM"]
[WhiteElo "2159"]
[BlackElo "2572"]
[WhiteFideId "376183"]
[BlackFideId "5008123"]
[EventDate "2022.12.29"]

1. e4 g6 2. d4 Bg7 3. Nc3 c6 4. Be3 d6 5. Qd2 b5 6. h4 h6 7. Bd3 a6 8. a3 Nd7 9.
Nf3 Qc7 10. h5 g5 11. O-O-O Bb7 12. e5 dxe5 13. Nxe5 Nxe5 14. dxe5 Bxe5 15. Ne4
O-O-O 16. Nc5 Nf6 17. Qe2 Nd5 18. a4 Nxe3 19. fxe3 Bxb2+ 20. Kb1 Ba3 21. Nxb7
Kxb7 22. axb5 axb5 23. Be4 Qe5 0-1

[Event "World Blitz Women 2022"]
[Site "Almaty KAZ"]
[Date "2022.12.29"]
[Round "9.21"]
[White "Abdumalik, Zhansaya"]
[Black "Nurmanova, Alua"]
[Result "1-0"]
[WhiteTitle "GM"]
[BlackTitle "WIM"]
[WhiteElo "2496"]
[BlackElo "2191"]
[WhiteFideId "13703544"]
[BlackFideId "13729390"]
[EventDate "2022.12.29"]

1. e4 c5 2. Nf3 d6 3. d4 cxd4 4. Nxd4 Nf6 5. Nc3 a6 6. h3 e6 7. g4 Nfd7 8. b3 b5
9. Bb2 Bb7 10. Bg2 Qc7 11. a3 Nc6 12. Nxc6 Bxc6 13. Qe2 Be7 14. O-O-O Qb7 15.
Nd5 Bxd5 16. exd5 e5 17. f4 O-O 18. fxe5 Bg5+ 19. Kb1 Nxe5 20. h4 Bd8 21. g5 Re8
22. Rhf1 a5 23. Qd2 a4 24. h5 Ba5 25. Qf4 b4 26. axb4 Bxb4 27. Rd4 Bc5 28. Rxa4
Rxa4 29. Qxa4 Ra8 30. Qf4 Qa7 31. Qa4 Qb7 32. Qe4 Qa7 33. h6 Be3 34. c3 Qa2+ 35.
Kc2 Rb8 36. Qa4 Qxa4 37. bxa4 Nc4 38. Rb1 Nd2 39. Re1 Nc4 40. Bc1 Bc5 41. Bf1
Ne5 42. a5 gxh6 43. gxh6 Nf3 44. Re4 f5 45. Re7 Ne5 46. a6 Ra8 47. Bg5 Ng6 48.
Rg7+ Kh8 49. Bf6 1-0

[Event "World Blitz Women 2022"]
[Site "Almaty KAZ"]
[Date "2022.12.29"]
[Round "9.22"]
[White "Nakhbayeva, Guliskhan"]
[Black "Khotenashvili, Bela"]
[Result "0-1"]
[WhiteTitle "IM"]
[BlackTitle "GM"]
[WhiteElo "2326"]
[BlackElo "2485"]
[WhiteFideId "13704788"]
[BlackFideId "13602640"]
[EventDate "2022.12.29"]

1. d4 g6 2. c4 Bg7 3. e4 c5 4. d5 d6 5. Bd3 e6 6. Nf3 Ne7 7. h3 O-O 8. O-O h6 9.
Nc3 Na6 10. Re1 e5 11. a3 f5 12. exf5 gxf5 13. Bc2 Ng6 14. Bd2 Bd7 15. Rb1 e4
16. Nh2 Qh4 17. Qe2 Ne5 18. b3 Rae8 19. Qe3 Nc7 20. Ne2 b5 21. Qf4 Qf6 22. Bc3
Qg6 23. Kh1 bxc4 24. bxc4 Nxc4 25. Bxg7 Kxg7 26. Rb7 Rc8 27. Bb3 Ne5 28. Qd2 Nd3
29. Rf1 f4 30. Qc3+ Kh7 31. Qa5 Rg8 32. Rg1 Nxf2# 0-1

[Event "World Blitz Women 2022"]
[Site "Almaty KAZ"]
[Date "2022.12.29"]
[Round "9.23"]
[White "Garifullina, Leya"]
[Black "Zatonskih, Anna"]
[Result "0-1"]
[WhiteTitle "IM"]
[BlackTitle "IM"]
[WhiteElo "2357"]
[BlackElo "2349"]
[WhiteFideId "34127035"]
[BlackFideId "14101572"]
[EventDate "2022.12.29"]

1. e4 e6 2. d4 d5 3. Nc3 dxe4 4. Nxe4 Nd7 5. Nf3 Ngf6 6. Nxf6+ Nxf6 7. Bd3 c5 8.
O-O cxd4 9. Nxd4 Bc5 10. Nf3 O-O 11. Qe2 b6 12. Bg5 Bb7 13. Rad1 Qc7 14. c3 Be7
15. Bh4 Rad8 16. Ne5 Rd5 17. Bg3 Qc8 18. Bb1 Rxd1 19. Rxd1 Rd8 20. Rxd8+ Qxd8
21. h3 Qd5 22. Nf3 Qd7 23. Qd3 Qxd3 24. Bxd3 Kf8 25. Nd4 Ne8 26. Kf1 h6 27. f3
Bd6 28. Bf2 Ke7 29. Ke2 Nc7 30. Nb5 Nxb5 31. Bxb5 f5 32. a4 e5 33. b4 Bc7 34.
Bd3 Kf6 35. c4 e4 36. fxe4 fxe4 37. Bc2 e3 38. Bxe3 Bxg2 39. Bd4+ Be5 40. Be3
Bxh3 41. c5 bxc5 42. Bxc5 a6 43. Bd3 Bc8 44. b5 axb5 45. Bxb5 g5 46. a5 h5 47.
a6 h4 48. a7 Bb7 49. Kf2 g4 50. Bd3 g3+ 51. Ke3 g2 52. Kd2 Bh2 53. Ba6 Ba8 54.
Bc4 g1=Q 55. Bxg1 Bxg1 56. Ke2 Bxa7 57. Kf1 Kg5 58. Be6 Bb8 59. Kg1 Bg3 60. Bd7
Kf4 61. Bc8 Be4 62. Bd7 Bd5 63. Bc8 Kf3 64. Bd7 Bf4 65. Bc8 Kg3 66. Bd7 Bg2 0-1

[Event "World Blitz Women 2022"]
[Site "Almaty KAZ"]
[Date "2022.12.29"]
[Round "9.24"]
[White "Kovanova, Baira"]
[Black "Mkrtchian, Lilit"]
[Result "0-1"]
[WhiteTitle "WGM"]
[BlackTitle "IM"]
[WhiteElo "2317"]
[BlackElo "2377"]
[WhiteFideId "4164083"]
[BlackFideId "13300601"]
[EventDate "2022.12.29"]

1. e4 e6 2. d4 d5 3. Nc3 Nf6 4. e5 Nfd7 5. f4 c5 6. Nf3 Nc6 7. Be3 a6 8. Qd2 b5
9. Nd1 Qb6 10. c3 a5 11. Bd3 b4 12. O-O g6 13. Kh1 Ba6 14. Nf2 Be7 15. Rac1 Bxd3
16. Nxd3 c4 17. Nf2 a4 18. cxb4 Qxb4 19. Qe2 Na5 20. Rc2 Qb6 21. a3 Nb3 22. Bd2
Nb8 23. Bc3 Nc6 24. Qe3 Rb8 25. Ng4 Na7 26. Nf6+ Kd8 27. Ng5 Bxf6 28. exf6 Rb7
29. Qe5 Qc7 30. Nf3 Nc6 31. Qe3 Kc8 32. Ne5 Nxe5 33. fxe5 Na5 34. Bb4 Nc6 35.
Bc5 Rb3 36. Qf2 Qb7 37. Re1 Kb8 38. Re3 Ka8 39. Qf3 Rxb2 40. Rc1 Rb1 41. Ree1
Rb8 42. h3 Rb3 43. Qe2 Rb2 44. Qg4 h5 45. Qf3 Qb3 46. Re3 Qa2 47. Ree1 Rf2 48.
Qg3 Rbb2 49. Rg1 Rb3 50. Qg5 Rxh3+ 0-1

[Event "World Blitz Women 2022"]
[Site "Almaty KAZ"]
[Date "2022.12.29"]
[Round "9.25"]
[White "Paramzina, Anastasya"]
[Black "Atalik, Ekaterina"]
[Result "1-0"]
[WhiteTitle "WGM"]
[BlackTitle "IM"]
[WhiteElo "2227"]
[BlackElo "2403"]
[WhiteFideId "4165012"]
[BlackFideId "4130189"]
[EventDate "2022.12.29"]

1. e4 e5 2. Nf3 Nc6 3. Bc4 Nf6 4. d3 h6 5. O-O d6 6. a4 g5 7. a5 a6 8. c3 Bg7 9.
Nbd2 O-O 10. h3 Ne7 11. d4 Ng6 12. Re1 Qe7 13. Nf1 Nf4 14. Ng3 c6 15. Bxf4 exf4
16. Nf5 Bxf5 17. exf5 Qd7 18. Bd3 Rfe8 19. Qb3 Rxe1+ 20. Rxe1 Re8 21. Rxe8+ Nxe8
22. Qb6 d5 23. Qa7 Qc7 24. Qa8 Kf8 25. Nd2 Qxa5 26. Qxb7 Qa1+ 27. Nf1 Qa4 28.
Bxa6 Bf6 29. Be2 Be7 30. Qa6 Qxa6 31. Bxa6 Nd6 32. Nd2 Nxf5 33. Bb7 c5 34. dxc5
Bxc5 35. Bxd5 h5 36. b4 Bb6 37. c4 Bd4 38. Ne4 g4 39. b5 g3 40. Kf1 gxf2 41.
Nxf2 Ne3+ 42. Ke2 Ke7 43. Bf3 Nxc4 44. Bxh5 Nd6 45. Nd3 Be3 46. Kf3 Nxb5 47.
Nxf4 Bc1 48. Nd3 Bd2 49. Ne5 f6 50. Nc4 Bc1 51. g4 Kf8 52. Ke4 Kg7 53. Be8 Bg5
54. Bxb5 1-0